Hướng dẫn quy trình kỹ thuật nội khoa, chuyên ngành tiêu hóa Ban hành kèm theo Quyết định số 3805/QĐ-BYT ngày 25 tháng 9 năm 2014 của Bộ trưởng Bộ Y tế

Hướng dẫn Quy trình kỹ thuật trong khám bệnh, chữa bệnh là tài liệu hướng dẫn chuyên môn kỹ thuật, là cơ sở pháp lý để thực hiện tại các cơ sở khám bệnh, chữa bệnh trong toàn quốc được phép thực hiện kỹ thuật đã được cấp có t...

Descripció completa

Guardat en:
Dades bibliogràfiques
Autor principal: Ngô Quý Châu (Chủ biên)
Format: Llibre
Idioma:Vietnamese
Publicat: H. Y học 2016
Matèries:
Etiquetes: Afegir etiqueta
Sense etiquetes, Sigues el primer a etiquetar aquest registre!
Thư viện lưu trữ: Thư viện Trường Đại học Nam Cần Thơ
LEADER 02219nam a22002537a 4500
001 NCT_59378
008 190215b xxu||||| |||| 00| 0 vie d
999 |c 2883  |d 2883 
020 |a 9786046622147  |c 145000 
082 0 4 |2 23rd ed.  |a 616.3  |b Ch125 
100 1 |a Ngô Quý Châu  |e Chủ biên 
245 1 0 |a Hướng dẫn quy trình kỹ thuật nội khoa, chuyên ngành tiêu hóa  |b Ban hành kèm theo Quyết định số 3805/QĐ-BYT ngày 25 tháng 9 năm 2014 của Bộ trưởng Bộ Y tế  |c Ngô Quý Châu 
260 |a H.  |b Y học  |c 2016 
300 |a 295tr.  |c 27cm 
500 |a ĐTTS ghi: Bô Y tế 
520 3 |a Hướng dẫn Quy trình kỹ thuật trong khám bệnh, chữa bệnh là tài liệu hướng dẫn chuyên môn kỹ thuật, là cơ sở pháp lý để thực hiện tại các cơ sở khám bệnh, chữa bệnh trong toàn quốc được phép thực hiện kỹ thuật đã được cấp có thẩm quyền phê duyệt theo quy định của Luật Khám bệnh, chữa bệnh đồng thời cũng là cơ sở để xây dựng giá dịch vụ kỹ thuật, phân loại phẫu thuật, thủ thuật và những nội dung liên quan khác. 
653 |a Y Đa khoa 
942 |2 ddc  |c BK 
952 |0 0  |1 0  |2 ddc  |4 0  |6 616_300000000000000_CH125  |7 0  |9 15495  |a 000001  |b 000001  |d 2019-02-15  |o 616.3 Ch125  |p MD.14245  |r 2019-02-15  |v 145000.00  |w 2019-02-15  |y BK 
952 |0 0  |1 0  |2 ddc  |4 0  |6 616_300000000000000_CH125  |7 0  |9 15496  |a 000001  |b 000001  |d 2019-02-15  |o 616.3 Ch125  |p MD.14246  |r 2019-02-15  |v 145000.00  |w 2019-02-15  |y BK 
952 |0 0  |1 0  |2 ddc  |4 0  |6 616_300000000000000_CH125  |7 0  |9 15497  |a 000001  |b 000001  |d 2019-02-15  |o 616.3 Ch125  |p MD.14247  |r 2019-02-15  |v 145000.00  |w 2019-02-15  |y BK 
952 |0 0  |1 0  |2 ddc  |4 0  |6 616_300000000000000_CH125  |7 0  |9 15498  |a 000001  |b 000001  |d 2019-02-15  |o 616.3 Ch125  |p MD.14248  |r 2019-02-15  |v 145000.00  |w 2019-02-15  |y BK 
952 |0 0  |1 0  |2 ddc  |4 0  |6 616_300000000000000_CH125  |7 0  |9 15499  |a 000001  |b 000001  |d 2019-02-15  |o 616.3 Ch125  |p MD.14249  |r 2019-02-15  |v 145000.00  |w 2019-02-15  |y BK 
980 |a Thư viện Trường Đại học Nam Cần Thơ